The Five Pillars of Islam - Statistics

General Stats
  • This quiz has been taken 69 times
  • The average score is 4 of 5
Answer Stats
No. Meaning Name % Correct
5 Pilgrimage Hajj
98%
4 Donation Zakat
84%
2 Prayer Salah
68%
3 Fasting Sawm
52%
1 Faith Shahadah
52%
No matching quizzes found
Score Distribution
Percent of People with Each Score
Percentile by Number Answered
Your Score History
You have not taken this quiz